The Source (Record no. 2076)

000 -LEADER
fixed length control field 00582nam a22002057a 4500
003 - CONTROL NUMBER IDENTIFIER
control field OSt
005 - DATE AND TIME OF LATEST TRANSACTION
control field 20210415112636.0
008 - FIXED-LENGTH DATA ELEMENTS--GENERAL INFORMATION
fixed length control field 210310s1967 ||||| |||| 00| 0 eng d
040 ## - CATALOGING SOURCE
Original cataloging agency eng
Language of cataloging eng
Transcribing agency DLC
041 ## - LANGUAGE CODE
Language code of text/sound track or separate title eng
080 ## - UNIVERSAL DECIMAL CLASSIFICATION NUMBER
Universal Decimal Classification number 821.111
Item number M-65
100 ## - MAIN ENTRY--PERSONAL NAME
9 (RLIN) 1322
Personal name Michener, A. James
245 ## - TITLE STATEMENT
Title The Source
Statement of responsibility, etc. / by: A Fawcett Crest Book
260 ## - PUBLICATION, DISTRIBUTION, ETC.
Place of publication, distribution, etc. Greenwich, Conn.
Name of publisher, distributor, etc. A Fawcett Crest Book
Date of publication, distribution, etc. 1967
300 ## - PHYSICAL DESCRIPTION
Extent 1088 p.
Other physical details ill.
365 ## - TRADE PRICE
Price amount 1.65 usd
650 #0 - SUBJECT ADDED ENTRY--TOPICAL TERM
9 (RLIN) 254
Topical term or geographic name entry element English literature
653 ## - INDEX TERM--UNCONTROLLED
Uncontrolled term ინგლისური ლიტერატურა
942 ## - ADDED ENTRY ELEMENTS (KOHA)
Source of classification or shelving scheme
Koha item type Books
Holdings
Withdrawn status Lost status Source of classification or shelving scheme Damaged status Not for loan Permanent location Current location Date acquired Inventory number Total Checkouts Full call number Barcode Date last seen Price effective from Koha item type
          Ken Walker International University Ken Walker International University 03/10/2021 588   821.111 M-65 588 03/10/2021 03/10/2021 Books

Powered by Koha